BSOP header

The dynamics of religious conversion / (Record no. 24859)

MARC details
000 -LEADER
fixed length control field 00598nam a2200157 4500
008 - FIXED-LENGTH DATA ELEMENTS--GENERAL INFORMATION
fixed length control field 051019s1991 alua b 001 0 eng
020 ## - INTERNATIONAL STANDARD BOOK NUMBER
International Standard Book Number 0891350845 :USD16.95
090 ## - LOCALLY ASSIGNED LC-TYPE CALL NUMBER (OCLC); LOCAL CALL NUMBER (OCLC)
Classification number (OCLC) (R) ; Classification number, CALL (RLIN) (NR) BR110
Local cutter number (OCLC) ; Book number/undivided call number, CALL (RLIN) G41
100 1# - MAIN ENTRY--PERSONAL NAME
Personal name Gillespie, V. Bailey
Fuller form of name (Virgil Bailey)
245 14 - TITLE STATEMENT
Title The dynamics of religious conversion /
Statement of responsibility, etc V. Bailey Gillespie.
260 ## - PUBLICATION, DISTRIBUTION, ETC. (IMPRINT)
Place of publication, distribution, etc Birmingham, Ala. :
Name of publisher, distributor, etc Religious Education Press,
Date of publication, distribution, etc c1991.
300 ## - PHYSICAL DESCRIPTION
Extent 261 p. :
Other physical details ill. ;
Dimensions 23 cm.
504 ## - BIBLIOGRAPHY, ETC. NOTE
Bibliography, etc Includes bibliographical references and indexes.
650 #4 - SUBJECT ADDED ENTRY--TOPICAL TERM
Topical term or geographic name as entry element Conversion
General subdivision Christianity.
951 ## - EQUIVALENCE OR CROSS-REFERENCE-GEOGRAPHIC NAME/AREA NAME [OBSOLETE] [CAN/MARC only]
General subdivision 00014017
951 ## - EQUIVALENCE OR CROSS-REFERENCE-GEOGRAPHIC NAME/AREA NAME [OBSOLETE] [CAN/MARC only]
-- 15369
-- BR110/G41
-- 070613111522921
-- 2000-12-21
-- GC
Holdings
Withdrawn status Lost status Damaged status Not for loan Home library Current library Shelving location Date acquired Accession number Shelving control number Total Checkouts Full call number Barcode Date last seen Price effective from Koha item type
        BSOP Library BSOP Library GC 12/21/2000 15369 127   BR110/G41 00014017 02/23/2013 02/23/2013 Books
BSOP

Biblical Seminary of the Philippines
  All rights Reserved
  © 2024

CONTACT INFORMATION

Biblical Seminary of the Philippines,
  77-B Karuhatan Road, Valenzuela City,
  PHILIPPINES 1441
  Phone: +632 8292-6795 / 8292-6798
  Fax : +632 8292-6675
  Email: library@bsop.edu.ph